000 00768cam a22002537i 4500
001 4770841
003 DO-SdBNP
005 20230524131159.0
008 180221b 2010 sp 00| 0 spa d
020 _a9788420405896
040 _aBPMSU
_bspa
_cBPMSU
080 _a
082 4 _aPe863.44
_bV297f 202010
_222
100 1 _aVargas Llosa, Mario
_d1936-
_915
245 1 0 _aFonchito y la luna /
_cMario Vargas Llosa ; ilustraciones Marta Chicote Juiz
260 _aMadrid :
_bAlfaguara,
_c2010
300 _avarias paginaciones
_c21 cm.
590 _6Inventariado, 2023/VM
650 4 _aCuentos infantiles peruanos
650 4 _aLibros ilustrados infantiles.
700 1 _aChicote Juiz, Marta
_bil.
910 _aVMateo V. Control de calidad (BPMSU)
942 _2ddc
_cBK
999 _c9884
_d9884